000
00291nam a2200109Ia 4500
008
210430s9999 xx 000 0 und d
082
_a
342.73 H931S
100
_a
Samuel P. Huntington
_9
27555
245
4
_a
The Soldier and The State
_c
Samuel P. Huntington
300
_a
534
942
_c
BK
_2
ddc
999
_c
565280
_d
565280